000
00282nam a2200121Ia 4500
999
_c
6648
_d
6648
008
191201s2008 xx 000 0 und d
100
_a
MAHESHWARI, L.K.
245
0
_a
Analog Electronics
260
_a
N. delhi
_b
PHI
_c
2008
300
_a
690
650
_a
B.Tech(ECE)
942
_2
ddc
_c
BK